[Event "Ehrat Memorial (SUI-GER m)"]
[Site "Zuerich"]
[Date "1999.08.13"]
[Round "1"]
[White "Kortschnoj, Viktor Lvovich"]
[Black "Vogt, Lothar"]
[Result "1-0"]
[WhiteElo "2676"]
[BlackElo "2485"]
[Annotator "Kortschnoj,V"]
[PlyCount "81"]
[EventDate "1999.08.13"]
[EventType "schev"]
[EventRounds "10"]
[EventCountry "SUI"]
[SourceTitle "CBM 073"]
[Source "ChessBase"]
[SourceDate "1999.12.01"]
[SourceVersion "1"]
[SourceVersionDate "1999.12.01"]
[SourceQuality "1"]
[WhiteTeam "Switzerland"]
[BlackTeam "Germany"]
[WhiteTeamCountry "SUI"]
[BlackTeamCountry "GER"]

1. d4 {Hazai} Nf6 2. c4 g6 3. Nc3 Bg7 4. e4 d6 5. f3 O-O 6. Nge2 Nc6 7. Bg5 a6
8. Qd2 Rb8 9. d5 (9. Nc1 $5 e5 10. dxe5 $14) 9... Ne5 {Hazai: 'Usually the N
is better in the [+], than on the edge of the board. Here however the N can
easily be chased by f4, after which he cannot find a good place.'} (9... Na5 {
Hazai: is suggested by some theoreticians, because the N can put steady
pressure on >< c4 after c7-c5 abd b7-b5.} 10. Nc1 (10. Nd4 {allows Black's
plan.} c5 11. Nc2 Bd7 (11... e6 {immediately is met by} 12. dxe6 Bxe6 13. Ne3 {
centralising the N.}) 12. Rc1 $5 {preparing for b7-b5.} (12. Na3 {is already
met by} e6 $1 $10 {because the a3 N is far away from the [+].}) 12... b5 13. b3
bxc4 14. bxc4 Bc8 $5 (14... Rb2 {The invasion on the b <-> deserves attention
as well, for example:} 15. Bd3 Qc7 16. O-O Rfb8 $13) 15. Bh6 (15. Be2 Nd7 {
/\ Ne5 >< c4.} 16. Bh6 Bxh6 $1 17. Qxh6 Ne5 18. Ne3 Rb4 19. Ncd1 f5 $1 {
Black has to grab the |^ as soon as possible.} 20. exf5 gxf5 $132) 15... Bxh6
16. Qxh6 e5 $1 {Black has to blockade the dark squares.} 17. Bd3 (17. g4 {
may give rise to wild complications after} Bxg4 $1 18. fxg4 Nxg4 19. Qh3 Qg5
20. Rd1 Rb2 $44) 17... Nh5 18. g3 Bh3 $1 $13 {Yusupov-Kovalev, Germany 1992}) (
10. Ng3 {is also met by} c5 {but at least White will not lose a tempo with his
N in comparision to 10.Nd4.} 11. Rc1 (11. Bh6 Bxh6 (11... e6 {allows the
aggressive} 12. h4 Bxh6 13. Qxh6 b5 14. h5 Nxc4 15. Bxc4 bxc4 16. O-O-O Qe7 {
(1/2-1/2 C.Ionescu-Zimmerman, Odorheiu Secuiesc 1993)} 17. e5 $1 $40) 12. Qxh6
e5 $5 {The same idea as in the Kovalev game. Black has to control the dark
squares, because then White's B has no future.} (12... Qb6 13. O-O-O Qb4 {
is naive:} 14. h4 Nxc4 15. Bxc4 Qxc4 16. h5 b5 17. hxg6 fxg6 18. e5 $1 {
opening up the fourth rank for the R.} dxe5 19. Rh4 {and the Q is also trapped.
} Bg4 20. Nge4 {1-0 Rivas-Gallego, Lleida 1991}) 13. h4 Ne8 14. h5 g5 {
avoiding the opening of the h <->.}) 11... Bd7 {/\ b5} (11... b5 {looks a bit
premature:} 12. cxb5 axb5 13. Bxb5 Nd7 14. Bh6 Bxh6 15. Qxh6 Ne5 16. O-O $14 {
with a Benko type of position, without a serious counterplay for Black,
Psakhis-Kuzmin, Minsk 1982.})) 10... c5 11. Be2 (11. a3 {/\ b4 is parried by
the standard} Qc7 12. Be2 Bd7 (12... b6 {is too passive.} 13. O-O Bd7 14. a4
Rfe8 15. Rd1 Bc8 16. b3 Nd7 17. Re1 Nf8 18. Rb1 $14 {Z.Varga-F.Portisch,
Zalakaros 1996}) 13. Rb1 {/\ b4} b5 14. cxb5 axb5 15. b4 cxb4 16. axb4 Nc4 17.
Bxc4 Qxc4 18. N1e2 Rfc8 $11 {Stempin-Thipsay, Poznan 1984}) 11... b5 $5 ({On} 
11... Bd7 {follows} 12. a4 {against b7-b5.} e6 (12... Be8 $5 {/\ Nd7}) (12...
Qb6 $5) 13. O-O exd5 14. Nxd5 $1 (14. cxd5 {gives play for Black on the <<.} c4
15. Rb1 Qc7 16. b4 cxb3 17. Nxb3 Rfc8 18. Rfc1 Nxb3 19. Rxb3 Qa5 $11 {
Tyrtania-Videki, St.Ingbert op 1987}) 14... Nc6 15. Nb3 {parrying Nd4.} Be6 16.
a5 $14 {with a nasty pin on the h4-d8 /^.}) 12. cxb5 axb5 13. Nxb5 {In this
Benko Gambit type of position the N on a5 has it's role attacking >< c4.} Ba6
14. a4 c4 $5 15. Qb4 $1 (15. Nc3 $6 Qc7 $44) 15... Nd7 $1 16. Bd2 Nc5 $3 {
This is a very nice positional sacrifice for long-lasting pressure.} 17. Qxa5
Qxa5 18. Bxa5 Bxb2 19. Rb1 (19. Bc3 $2 Rxb5 $1 20. axb5 Bxc3+ 21. Kf2 Bxa1 22.
bxa6 Nxa6 23. Bxc4 $10) 19... Nxa4 20. Rxb2 $1 Nxb2 21. Nd4 Nd3+ $44 {Z.
Varga-Zimmerman, Zalakaros 1994}) 10. Nd4 {Hazai: 'Other possible moves
include:'} (10. Ng3 c6 $11) (10. Nc1 {Hazai}) 10... c5 (10... Bd7 $2 {Hazai}
11. f4 $18) 11. Nc2 b5 {Hazai: 'Black wants to grab the |^ at the expence of a
P.'} (11... Nh5 $5 {followed by f7-f5}) (11... Ne8 {Hazai is also exciting,
for example:} 12. Be2 (12. a4 $5 f5) 12... b5 $5 13. cxb5 axb5 14. Nxb5 Nc7 {
This is the typical Benko Gambit idea to get rid of the defensive N on b5.} 15.
a4 $1 f5 $1 16. O-O Nf7 17. Bh4 Nxb5 18. axb5 fxe4 19. fxe4 Bxb2 20. Ra7 Bd7
21. Rb1 Bg7 22. b6 Ne5 23. b7 Qe8 24. h3 h6 25. Bg3 g5 $13 {Meulders-Kovalev,
Belgium 1992}) (11... Nh5 {Hazai /\ f5} 12. Be2 f5 13. exf5 gxf5 14. f4 Ng4 15.
O-O b5 $5 {It is time for a blow on the other side of the board.} (15... Nhf6
16. Rae1 Nh6 {retreating the active N is not a good strategy.} 17. Bd3 Kh8 18.
Ne3 Nfg8 19. Kh1 $14 {Summermatter-Nijboer, Luzern 1989}) 16. cxb5 (16. h3 Ngf6
17. Bxf6 (17. cxb5 Ng3) 17... Nxf6 18. cxb5 axb5 19. Bxb5 Ne4 $44) 16... axb5
17. Nxb5 Nhf6 $44 {/\ Ne4.}) (11... Qe8 {Hazai /\b5 doesn't look very healthy.}
12. a4 (12. f4 Ned7 13. Bd3 b5 14. b3 b4 15. Ne2 e5 16. f5 gxf5 17. Ne3 $1 f4
18. Nf5 Rb6 19. g3 Nh5 20. O-O-O $40 {Yuferov-Bokan, Moscow 1990}) 12... e6 13.
Be2 exd5 14. cxd5 $1 (14. exd5 {allows the activating of the B.} Bf5 15. O-O-O
$2 {This looks rather light-hearted!} b5 $1 {Black is not afraid of
sacrificing material in order to open the position against the white K.} 16.
axb5 axb5 17. Nxb5 Nxc4 18. Bxc4 Rxb5 $1 19. Bxb5 Qxb5 20. Na3 Qb7 $44 {
Lehmann-U.Kaminski, BL2 1992}) 14... b5 15. axb5 axb5 16. b4 {Now we see the
bright side of the N on c2.} cxb4 17. Nxb4 Nc4 18. Bxc4 bxc4 19. Nc6 Rb3 20.
Ra8 Qd7 21. O-O $14 {Verdihanov-Sepp, SU 1989}) (11... Re8 {Hazai It is not
easy to understand the idea behind this move.} 12. Be2 (12. a4 {is worthy of
attention.}) 12... b5 13. cxb5 axb5 14. Nxb5 Ba6 15. a4 c4 16. Ncd4 Bxb5 17.
axb5 Nfd7 18. O-O Nc5 19. Be3 Qd7 20. b3 $14 {Namzhilov-Loskutov, Roslavl 1989}
) (11... e6 $2 {Hazai runs into} 12. f4 Ned7 13. dxe6 fxe6 14. Qxd6 h6 15. Bh4
Qa5 {(Verdihanov-Obodchuk, Simferopol 1989)} 16. O-O-O $18) (11... Bd7 {Hazai}
12. f4 $16) 12. cxb5 Nh5 {Hazai: '/\ combining two plans.'} (12... axb5 {Hazai}
13. Bxb5 (13. Nxb5 {is not without venom either:} Ne8 (13... h6 {changing for
a >> play is not consistent.} 14. Be3 Nh5 15. Be2 f5 16. exf5 Bxf5 17. O-O g5
18. a4 Nf4 19. Bxf4 gxf4 20. Nca3 Bd7 21. Rac1 Ra8 22. b3 $14 {
Kuligowski-Jasnikowski, POL-ch 1980}) 14. a4 Bd7 15. Be2 Nc7 16. Nca3 Nxb5 17.
Bxb5 Bxb5 18. axb5 Qd7 19. O-O Ra8 20. Qe2 $14 {and White has consolidated his
position, Panno-J.Rodriguez, Trelew 1995.}) 13... Bd7 (13... Qa5 14. a4 Ba6 15.
O-O Nc4 16. Qe2 Nxb2 {is too brave.} 17. Bd2 Nh5 18. Ra3 c4 19. g4 Nf6 20. Nd1
$18 {Grebenshchikov-Shevelevich, Simferopol 1989}) (13... Rxb5 {is nice, but
unlucky.} 14. Nxb5 Nc4 15. Qe2 $1 Qa5+ 16. Kf2 Nxb2 (16... Qxb5 17. b3 Ba6 18.
bxc4 Qa4 19. Ne3 h6 20. Bh4 g5 21. Bg3 Nh5 22. h4 $1) 17. a4 e6 (17... c4 18.
Bd2 $18 {Dreev}) 18. Bd2 Qa6 19. Rhb1 Nh5 20. Ra2 Nxa4 21. Qc4 $16 {
Dreev-Smirin, Biel izt 1993}) 14. a4 Bxb5 15. axb5 Nfd7 16. Qe2 (16. Na3 c4 17.
O-O Nc5 18. Qe2 Nb3 19. Rad1 Qc7 20. f4 Nd3 $44 {and Black's knights are
really impressive, D.James-Hennigan, ENG-chT 1997.}) 16... c4 17. O-O Nd3 18.
Na3 Nb6 19. Rad1 Nxb2 20. Qxb2 Na4 21. Nxa4 Bxb2 22. Nxb2 c3 23. Nbc4 Qc7 24.
Rc1 f6 25. Be3 Rxb5 26. Nxb5 Qxc4 27. Nxc3 $14 {Gallagher-Datu, Elista 1998})
13. a4 f5 14. Be2 {Hazai: 'this allows Black to open the f <->, after which
White's K cannot find a suitable place for himself.'} (14. exf5 {Hazai looked
more to the point, for example:} Bxf5 15. Be2 h6 (15... c4 16. Nb4) 16. Be3 g5
17. O-O $14) 14... fxe4 15. fxe4 (15. Nxe4 Nf7 $1 (15... axb5 {Hazai} 16. axb5
(16. Bxb5 $2 Rxf3 $1) 16... Nf7 {and he has to give back the P.} 17. Be3 Bxb2
18. Rb1 Bg7 19. O-O e6)) 15... Bg4 {Black has achieved an active play - an
excellent compensation for a sacrificed pawn.} 16. Rf1 (16. Na3 {Hazai allows
the activization of the N.} Bxe2 17. Qxe2 Nf4 18. Bxf4 Rxf4 $44) 16... Nf6 ({
Why not} 16... Qd7 $5 {Hazai}) 17. Bf4 (17. h3 {Hazai} Bxe2 18. Qxe2 c4 {>< d3}
19. Nb4 Qa5) 17... Nfd7 18. Bxg4 Nxg4 19. Qe2 Nge5 {Hazai: 'The N is excellent
here.' White's problem - where to put his king} 20. Bd2 (20. Na3 {Hazai} c4 21.
Nxc4 Nxc4 22. Qxc4 Rc8 $44) 20... axb5 21. axb5 Nb6 {After 21...Nf6!? white
would remain with the same problem...} (21... c4 $5 {Hazai} 22. Nb4 Nc5) 22.
Ne3 c4 23. Rxf8+ Qxf8 24. Kd1 Ra8 (24... Nd3 $5 {Hazai}) 25. Rxa8 Qxa8 26. Kc2
{White has to activate his queen} Qa5 (26... Qa1 {Hazai} 27. Qf1) 27. Qf1 $1
Qb4 {'?!' Hazai.} 28. Qa1 {Hazai: 'Now White has got the a <->.'} Nd3 29. Qa3
Bxc3 {I have not seen this move, regaining a pawn, but anyway, 29.Ned1 would
be too passive.} 30. Bxc3 Qxb5 $11 31. Qa7 {Hazai: 'Black has equalized the
material, but he had to give up the important long diagonal.'} Nd7 {'!' Hazai.}
(31... Kf7 32. Qb8 (32. Ng4 {Hazai}) 32... Nxb2 33. Qh8 {would render active
play to white.}) (31... Na4 {Hazai} 32. Qa8+ Kf7 33. Qh8 Nxc3 34. Qxh7+ Ke8 35.
Qh8+ Kd7 36. Qxc3) (31... Qb3+ {Hazai} 32. Kd2) 32. Qa8+ Kf7 33. Ng4 {The
threat is mate in one - Nh6!} Nb8 34. e5 $1 dxe5 $2 {A time scramble. After} (
34... Qb3+ 35. Kd2 Nxb2 36. e6+ Ke8 (36... Kf8 $2 37. Qa1 Na4 38. Qf1+ $16) 37.
Qa7 Qd1+ (37... Na4 $2 38. Nf6+ $18) 38. Ke3 Qg1+ 39. Nf2 Nd1+ 40. Kf3 Qxf2+ {
the game was a draw.}) 35. Bxe5 Nxe5 {'?' Hazai.} (35... Qb3+ 36. Kd2 Nxe5 37.
Nxe5+ Kg7 {'=' Hazai.} 38. Qa3 Qb7 39. Kc3 $14) 36. Nxe5+ Kg7 $2 (36... Kf8 $2
37. Qxb8+ {winning}) ({but} 36... Ke8 $1 {would still hold a draw (37.Nc6 Qb3
with a perpetual.}) 37. Qa7 $1 Qb3+ 38. Kc1 Kf6 39. Qd4 $18 Kg7 40. Nc6+ Kf7
41. Qf4+ 1-0

[Event "Ehrat Memorial (SUI-GER m)"]
[Site "Zuerich"]
[Date "1999.08.16"]
[Round "4"]
[White "Gabriel, Christian"]
[Black "Kortschnoj, Viktor Lvovich"]
[Result "0-1"]
[WhiteElo "2578"]
[BlackElo "2676"]
[Annotator "Kortschnoj,V"]
[PlyCount "64"]
[EventDate "1999.08.13"]
[EventType "schev"]
[EventRounds "10"]
[EventCountry "SUI"]
[SourceTitle "CBM 073"]
[Source "ChessBase"]
[SourceDate "1999.12.01"]
[SourceVersion "1"]
[SourceVersionDate "1999.12.01"]
[SourceQuality "1"]
[WhiteTeam "Germany"]
[BlackTeam "Switzerland"]
[WhiteTeamCountry "GER"]
[BlackTeamCountry "SUI"]

1. Nf3 {Horn,Pe} d5 2. c4 d4 3. b4 f6 4. e3 e5 5. c5 $5 d3 {This move is a bit
too optimistic - black is pushing his pawns too far, without an appropriate
support of his pieces. Correct was 5...a5, exploiting premature white's
activity on the queen side. Horn,Pe: 'Kortschnoj nimmt solche
Herausforderungen gerne an. Solange er den Pd3 behauptet, kommt der weiße
Königsflügel schwer ins Spiel.'} ({In den letzten Partien wurde hier} 5... a5 {
Horn,Pe gespielt.} 6. Bc4 (6. exd4 e4 $15) (6. Qb3 axb4 7. Bc4 Nh6 8. O-O Bxc5
9. exd4 Bxd4 10. Nxd4 Qxd4 11. Bb2 Qd6 12. d4 $13 {Ilinsky-Lev/Gausdal/1991}) (
6. Bb5+ $5 {Gabriel}) 6... Nh6 7. O-O Be7 8. d3 dxe3 9. Bxe3 Nf5 10. b5 e4 11.
Ne1 Nd7 $13 {Namgilov,S-Dao Thien Hai/Budapest 1996}) 6. Qb3 {6.Bb2!? had been
played before, the move which would prevent the white phalange on the queen
side to get destroyed.} (6. Bb2 {Horn,Pe} Be6 (6... e4) 7. Qa4+ c6 8. Nc3 {
Bernstein,S-Moskowitz,J/New York 1941/1-0(29)} {und nun hätte} a5 $5 {zu
einigen weißen Problemen geführt.}) 6... e4 7. Nd4 a5 8. Nc3 (8. Ne6 {Horn,Pe:
führt letztlich nur zum Tausch.} Qe7 9. Nxf8 Kxf8) (8. f3 $5 {Horn,Pe
Tischbierek}) 8... f5 9. Ne6 {The move looks rather strange and was strongly
critisized by journalists.Instead 9.g4!? was recommended: Horn,Pe: 'Damit
erreicht Weiß wenig; wenn er nichts besseres hatte, ist die Eröffnung nicht zu
empfehlen. Er tauscht sein bestes Tier Nd4 gegen den unentwickelten Bf8 
(zugegeben: der spielt auch auf seinem Ausgangsfeld eine höchst aktive Rolle
gegen die weiße Bauernkette am Damenflügel). '} (9. g4 axb4 10. Qxb4 (10. Nd5 {
Horn,Pe} fxg4 {als besser befanden.}) 10... Nf6 11. Nxf5 (11. gxf5 Na6 12. Qc4
Nxc5 13. a4 Qe7 14. Ba3 g6 15. fxg6 hxg6 16. f3 $1 ({less convincing:} 16. Bg2
Rh4 17. Ndb5 b6 {...}) 16... exf3 17. Nxf3 Bf5 18. Bxc5 (18. Nd4 $5) 18... Qxc5
19. Bxd3 {- white won a pawn.}) 11... Na6 12. Qc4 Bxf5 13. gxf5 Nxc5 14. a4 Qd7
15. Ba3 Qxf5 16. Bxc5 (16. Bg2 Qe6 $11) 16... Qxc5 17. Qxc5 Bxc5 18. Bg2 b5 $1
19. Nxb5 Kd7 20. Nc3 Rhe8 21. Rb1 Ra5 22. O-O Bd6 23. f3 {Due to a weakness of
pawn d3 white has slight advantage.}) 9... Qe7 ({Nicht so gut wäre es, den
anderen B zu geben:} 9... Bxe6 {Horn,Pe} 10. Qxe6+ Ne7) 10. Nxf8 $2 {An
interposing check 10.Qa4+! would lead to a clear white edge!} (10. Qa4+ {
The only reply is} Kf7 {Then white, comperatively to the game, is a tempo up.
The variation would go as follows:} (10... c6 $2 11. Nd5) (10... Bd7 11. Nxc7+
Kd8 12. b5 {'<=>' Horn,Pe.}) 11. Nxf8 Kxf8 12. Ba3 (12. b5 {Horn,Pe}) 12... Nf6
13. f3 Kf7 14. fxe4 fxe4 15. g3 Qe5 16. b5 Re8 17. Bg2 Kg8 18. O-O Bf5 19. Qc4+
Kh8 20. Rxf5 $1 Qxf5 21. Rf1 {After queen's retreat white takes on e4+/-})
10... Kxf8 $15 11. b5 $6 {11.Qa4 was more subtle. Still, after 11...Na6! 12.
Qa5 c6! black would take over an initiative} Be6 {Horn,Pe: ', denn nun geht
sie doch nach a4:'} 12. Qa4 Nd7 $17 13. Ba3 Nxc5 14. Qd4 b6 15. Na4 $6 (15. Nd5
Qd6 16. Nxb6 Qxd4 17. exd4 cxb6 18. dxc5 bxc5 {white recaptures a pawn, but
with nondeveloped king side has a bad game.}) ({More interesting is} 15. g4 {
after} Rd8 16. Qe5 Qd6 17. Qxd6+ cxd6 18. Bg2 Nf6 19. gxf5 Bxf5 20. O-O (20. f3
{Horn,Pe}) 20... Ke7 21. f3 {white is a pawn down, but has some counterplay...}
) 15... Kf7 16. Nxc5 bxc5 17. Bxc5 Qg5 18. g4 {Despair Horn,Pe: 'Ein
verzweifelter Versuch, dem weißen Königsflügel Leben einzuhauchen; er kommt
aber zu spät. '} (18. Qe5 {Horn,Pe} Rc8) 18... Qxg4 $19 19. Qe5 Rc8 20. h3 Qg5
21. Bd4 Nf6 22. Qh2 Rhd8 23. Rg1 Qh4 24. Rc1 Ne8 25. Rc5 g6 26. a4 Rd5 27. Rc6
(27. Rxd5 Bxd5 28. Qe5 Be6 29. Qh8 c6 30. b6 Nf6 31. Bxf6 Qxf6 32. Qxh7+ Qg7
33. Qxg7+ Kxg7 34. f3 Rb8 35. fxe4 fxe4 36. Bg2 Bd5 $19) 27... Qd8 {27...Bd7
was more exact (28.Ra6 Bb5!)} (27... Bd7 $1 $19 {Horn,Pe Tischbierek/Gabriel}
28. Ra6 $140 $2 Bxb5 29. axb5 Rxb5) 28. Bc3 Nd6 {Intermediate Bd7 was stronger.
} 29. h4 $2 {More stubborn was} (29. Qf4 Bd7 30. Qh6 Qg8 31. Ra6 Rc5 32. f3 (
32. Rxa5 Qh8 $1) 32... Ke8 33. fxe4 Rxc3 34. dxc3 d2+ 35. Kxd2 Qa2+ 36. Kd1 (
36. Kc1 Nxe4 37. Rg2 Qa1+ 38. Kc2 Qxf1 39. Raxg6 hxg6 40. Qxg6+ Kd8 41. Qg8+
Be8 42. Qd5+ Nd6 {there are no checks anymore}) 36... Nxe4 37. Rg2 Qb1+ 38. Ke2
Rd8 39. c4 Bc8 $19) ({Ein letzter Versuch war} 29. Qf4 {Horn,Pe}) 29... Bd7 30.
h5 g5 31. h6 Bxc6 32. Qh5+ Ke6 0-1

[Event "Ehrat Memorial (SUI-GER m)"]
[Site "Zuerich"]
[Date "1999.08.19"]
[Round "6"]
[White "Vogt, Lothar"]
[Black "Kortschnoj, Viktor Lvovich"]
[Result "0-1"]
[WhiteElo "2485"]
[BlackElo "2676"]
[PlyCount "72"]
[EventDate "1999.08.13"]
[EventType "schev"]
[EventRounds "10"]
[EventCountry "SUI"]
[SourceTitle "CBM 073"]
[Source "ChessBase"]
[SourceDate "1999.12.01"]
[SourceVersion "1"]
[SourceVersionDate "1999.12.01"]
[SourceQuality "1"]
[WhiteTeam "Germany"]
[BlackTeam "Switzerland"]
[WhiteTeamCountry "GER"]
[BlackTeamCountry "SUI"]

1. e4 e6 2. d4 d5 3. Nd2 Nf6 4. e5 Nfd7 5. f4 c5 6. c3 Nc6 7. Ndf3 Qb6 8. g3
cxd4 9. cxd4 Bb4+ 10. Kf2 f6 11. Kg2 g5 12. Ne2 g4 13. Nh4 Rg8 14. Qd3 f5 15.
h3 h5 16. hxg4 hxg4 17. a3 Be7 18. b4 a6 19. Be3 Qd8 20. Nc3 Nb6 21. Qd2 Bd7
22. Bd3 Rc8 23. Rac1 Na7 24. Kf2 Kf7 25. Ng2 Rh8 26. Ne2 Bb5 27. Rxc8 Qxc8 28.
Rxh8 Qxh8 29. Nc1 Qh1 30. Qe1 Qh2 31. Qc3 Bxd3 32. Nxd3 Nc4 33. Qc1 Nb5 34. a4
Nxe3 35. Qxe3 Nc3 36. Kf1 Ne4 0-1

[Event "Ehrat Memorial (SUI-GER m)"]
[Site "Zuerich"]
[Date "1999.08.22"]
[Round "9"]
[White "Kortschnoj, Viktor Lvovich"]
[Black "Gabriel, Christian"]
[Result "1-0"]
[WhiteElo "2676"]
[BlackElo "2578"]
[Annotator "Kortschnoj,V"]
[PlyCount "61"]
[EventDate "1999.08.13"]
[EventType "schev"]
[EventRounds "10"]
[EventCountry "SUI"]
[SourceTitle "CBM 073"]
[Source "ChessBase"]
[SourceDate "1999.12.01"]
[SourceVersion "1"]
[SourceVersionDate "1999.12.01"]
[SourceQuality "1"]
[WhiteTeam "Switzerland"]
[BlackTeam "Germany"]
[WhiteTeamCountry "SUI"]
[BlackTeamCountry "GER"]

1. d4 {Lutz} d5 2. c4 c6 3. Nf3 Nf6 4. Qb3 e6 5. Nc3 {The alternative is 5.g3.
In the catalan set-up it would be wise to postpone development of knight b1:
with a point to develop it eventually to d2.} Be7 6. Bg5 dxc4 7. Qxc4 b5 8. Qd3
(8. Qb3 {Lutz} Nbd7 9. e4 b4 10. Na4 Nxe4 11. Bxe7 Qxe7 12. Bd3 Nef6 13. O-O
O-O 14. Rac1 $44 {Kortschnoj,V-Anand,V/Tilburg 1991/CBM 26/[Hansen,Cu] (111)})
8... Ba6 {Using an awkward location of white queen, black gains several tempi.
An open question, however, how conveniently bishop a6 is located?} (8... b4 {
Lutz} 9. Na4 Ba6 10. Qc2 Qa5 11. Nc5 Bxc5 12. Qxc5 Qxc5 13. dxc5 Ne4 14. Be3
Nd7 15. Rc1 e5 16. g3 f5 17. Bg2 Bb5 18. Nh4 g6 19. g4 $36 {1/2-1/2 Browne,
W-Henley,R/Berkeley 1984/MCD (62)}) (8... O-O {Lutz} 9. Qc2 b4 10. Na4 Ba6 11.
Bxf6 gxf6 12. Nc5 Bxc5 13. dxc5 Qa5 14. Nd4 b3+ 15. Qd2 Qxc5 16. Nxb3 Qb6 17.
Qd4 Qxd4 18. Nxd4 c5 $11 {0-1 Portisch,L-Jussupow,A/Toluca 1982/IZT (52)}) 9.
Qc2 Qa5 10. Bxf6 {It is a pity to give up the bishop. Another line, albeit
more complicated, looks more promising for white:} (10. e3 b4 (10... Nbd7 11.
Be2 b4 12. Qa4 $14) 11. Bxf6 bxc3 (11... Bxf6 12. Qa4 $14) 12. b4 Qxb4 13. Rb1
Qa5 14. Bxg7 Rg8 15. Be5 {(what is,frankly,much more difficult to evaluate)})
10... Bxf6 (10... gxf6 $5 {Lutz}) 11. e3 Nd7 12. Bd3 c5 $1 {Certainly, not
Lutz: 'Christian Gabriel wählt seinem Stil gemäß eine sehr maximalistische
Fortsetzung. Allerdings bleibt sein König in der Mitte. Ich habe das Gefühl,
dass der schwarze Plan zu optimistisch ist.'} (12... b4 13. Ne4 b3+ $2 14. Qd2
$16) 13. O-O c4 $2 {After} (13... cxd4 14. exd4 b4 15. Ne4 Bxd3 16. Qxd3 O-O {
black would have had no problems.}) (13... Rc8 {Lutz} 14. d5 $1 (14. a4 $6 b4
15. Bxa6 (15. Nb5 cxd4) 15... Qxa6 16. Ne4 Be7) 14... Bxc3 15. dxe6 fxe6 16.
bxc3 Nf6 17. Ng5 $36) 14. Be4 Rc8 15. a4 $1 b4 16. Nb5 Qb6 (16... b3 {was
worth a consideration:} 17. Qc1 {would enable black soon to castle} ({After} 
17. Qb1 {pawn c4 would not hang}) (17. Qc3 Qxc3 18. bxc3 Bxb5 19. axb5 Rc7 20.
Ra5 O-O 21. Rfa1 {white wins a pawn, but black, having a strong passed pawn b3
will, for sure, have counterplay.})) (16... Bxb5 {Lutz} 17. axb5 Qxb5 18. Rxa7
g6 19. Rfa1 $36 {/\} O-O 20. R1a5 Qb6 21. Qa4 $16) 17. Nd2 $1 $16 {'+/-' Lutz.}
c3 ({Or} 17... Bxb5 18. axb5 Qxb5 19. Rxa7 g6 20. Bb7 $1 {winning a pawn.}) 18.
bxc3 bxc3 19. Nf3 Be7 (19... e5 20. Bf5 {is annoying}) (19... g6 20. Rfb1 {
and black loses pawn c3}) 20. Rfb1 Nf6 21. a5 {'+-' Lutz.} Qxb5 (21... Qd8 22.
Nxa7 Nxe4 23. Nxc8 $18) (21... Qb8 22. Bd3 Nd5 23. Nxc3 $16) 22. Rxb5 Bxb5 23.
Bb7 $1 Rc7 24. a6 O-O 25. Qb3 {In order to deprive black of counterplay white
needs to win pawn c3.} Bd3 26. Rc1 Nd5 27. Ne5 Be2 28. Bxd5 exd5 29. Rxc3 Rxc3
30. Qxc3 Bxa6 31. Qa5 {Black resigned. A bit too early. It is true, after 31...
Bb7 32.f4 he loses pawn a7. Still, white has had to demostrate some technic...}
1-0